Feeds and feeding : (Record no. 2359)

MARC details
000 -LEADER
fixed length control field 00680nam a22002297a 4500
001 - CONTROL NUMBER
control field BD-DhSAU 2359
003 - CONTROL NUMBER IDENTIFIER
control field BD-DhSAU
005 - DATE AND TIME OF LATEST TRANSACTION
control field 20150301093915.0
008 - FIXED-LENGTH DATA ELEMENTS--GENERAL INFORMATION
fixed length control field 150127b1984 ii a|||| |||| 001 0 eng d
040 ## - CATALOGING SOURCE
Original cataloging agency BD-DhSAU
082 ## - DEWEY DECIMAL CLASSIFICATION NUMBER
Edition number 22
Classification number 636.085
Item number MOF
100 ## - MAIN ENTRY--PERSONAL NAME
Personal name Morrison, Frank B.
245 ## - TITLE STATEMENT
Title Feeds and feeding :
Remainder of title a handbook for the student and stockman /
Statement of responsibility, etc. Frank B. Morrison
250 ## - EDITION STATEMENT
Edition statement 22nd & First Indian edition.
260 ## - PUBLICATION, DISTRIBUTION, ETC. (IMPRINT)
Place of publication, distribution, etc. Delhi :
Name of publisher, distributor, etc. CBS Pub. & Distributors ,
Date of publication, distribution, etc. c1984.
300 ## - PHYSICAL DESCRIPTION
Extent vi, 1207 p. :
Other physical details ill. ;
Dimensions 22 cm.
500 ## - GENERAL NOTE
General note New arrival 2014
504 ## - BIBLIOGRAPHY, ETC. NOTE
Bibliography, etc Includes index.
590 ## - Name of Cataloguer
Name of Cataloger Jerin
650 ## - SUBJECT ADDED ENTRY--TOPICAL TERM
Topical term or geographic name as entry element Animal Husbandry
650 ## - SUBJECT ADDED ENTRY--TOPICAL TERM
Topical term or geographic name as entry element Feeds and feeding
942 ## - ADDED ENTRY ELEMENTS (KOHA)
Source of classification or shelving scheme Dewey Decimal Classification
Koha item type Book
Holdings
Withdrawn status Lost status Source of classification or shelving scheme Damaged status Not for loan Home library Branch Name Shelving location Date acquired Total Checkouts Full call number Barcode Date last seen Price effective from Koha item type Collection code
    Dewey Decimal Classification     SAU Library SAU Library General Stacks 29/06/1988   636.085 MOF 11886 27/01/2015 27/01/2015 Book  
    Dewey Decimal Classification     SAU Library SAU Library General Stacks 29/06/1988   636.085 MOF 11885 27/01/2015 27/01/2015 Book  
    Dewey Decimal Classification     SAU Library SAU Library General Stacks 29/06/1988   636.085 MOF 11883 27/01/2015 27/01/2015 Book  
    Dewey Decimal Classification     SAU Library SAU Library General Stacks 25/06/2014   636.085 MOF 37899 15/02/2015 15/02/2015 Book  
    Dewey Decimal Classification   Not For Loan SAU Library SAU Library Reference 25/06/2014   636.085 MOF 37898 15/02/2015 15/02/2015 Book Reference
    Dewey Decimal Classification     SAU Library SAU Library General Stacks 25/06/2014   636.085 MOF 37901 15/02/2015 15/02/2015 Book  
    Dewey Decimal Classification     SAU Library SAU Library General Stacks 25/06/2014   636.085 MOF 37900 15/02/2015 15/02/2015 Book  
    Dewey Decimal Classification     SAU Library SAU Library General Stacks 25/06/2014   636.085 MOF 37902 15/02/2015 15/02/2015 Book